<?xml version="1.0" encoding="UTF-8" ?>
<collection xmlns="http://www.loc.gov/MARC21/slim"><record><leader>00778nam a2200205 c 4500</leader><controlfield tag="001">163491</controlfield><controlfield tag="003">Zü176</controlfield><controlfield tag="005">20170713175516.0</controlfield><datafield tag="035" ind1=" " ind2=" "><subfield code="a">(OCoLC)927790076</subfield></datafield><datafield tag="041" ind1=" " ind2=" "><subfield code="a">ger</subfield></datafield><datafield tag="100" ind1="1" ind2="0"><subfield code="a">Mangold, Burkhard</subfield></datafield><datafield tag="245" ind1="0" ind2="0"><subfield code="a">Postkarte, An die Zürcher Kunstgesellschaft Zürich Kunsthaus.</subfield><subfield code="c">Mit Hochachtung BurkhMangold, Maler, Basel. 15 Aug 16.</subfield><subfield code="h">Manuskript</subfield></datafield><datafield tag="260" ind1=" " ind2=" "><subfield code="a">Basel</subfield><subfield code="c">1916</subfield></datafield><datafield tag="300" ind1=" " ind2=" "><subfield code="a">Postkarte</subfield><subfield code="c">9 x 14 cm</subfield></datafield><datafield tag="600" ind1="1" ind2="7"><subfield code="a">Mangold, Burkhard</subfield><subfield code="d">1873-1950</subfield><subfield code="x">Postkarte</subfield><subfield code="x">Manuskript</subfield></datafield><datafield tag="610" ind1="2" ind2="7"><subfield code="a">Kunsthaus Zürich</subfield><subfield code="x">Ausstellung</subfield><subfield code="x">Geschäftsbrief</subfield><subfield code="2">gnd</subfield></datafield><datafield tag="610" ind1="2" ind2="7"><subfield code="a">Walze</subfield><subfield code="2">gnd</subfield></datafield><datafield tag="710" ind1="2" ind2="0"><subfield code="a">Zürcher Kunstgesellschaft</subfield><subfield code="e">Adressat</subfield></datafield><datafield tag="852" ind1="4" ind2="0"><subfield code="a">CH-000273-5</subfield><subfield code="c">10.30.30.162.mangold.19160815</subfield></datafield><datafield tag="856" ind1="4" ind2="1"><subfield code="u">https://digital.kunsthaus.ch:443/viewer/image/163491/1/</subfield><subfield code="y">Kunsthaus Zürich Sammlungen online</subfield></datafield></record></collection>